Normal view
MARC view
- Milititsky , J
Entry Personal Name
001 - CONTROL NUMBER
- control field: 7555
003 - CONTROL NUMBER IDENTIFIER
- control field: OSt
005 - DATE AND TIME OF LATEST TRANSACTION
- control field: 20250610115030.0
008 - FIXED-LENGTH DATA ELEMENTS
- fixed length control field: 250610|| aca||aabn | a|a d
040 ## - CATALOGING SOURCE
- Original cataloging agency: OSt
- Transcribing agency: OSt
100 ## - HEADING--PERSONAL NAME
- Personal name: Milititsky , J
670 ## - SOURCE DATA FOUND
- Source citation: Work cat.: (OSt)10395: Clayton, C R I . 7554, Earth pressure and earth retaining structures / , 1986.
